000 00540nam a22002177a 4500
003 UA-OsUOA
001 62504
007 ta
008 20090901b un ||||| |||| 00| 0 ukr d
090 _a821.161.1
_bС55
942 _cBK
040 _aUA-OsUOA
_brus
_cUA-OsUOA
_dUA-OsUOA
245 _aСобрание сочинений
_b2
300 _a688 с.
955 _a2
041 _arus
080 _a821.161.1
260 _aМ.
_c1956
650 7 _a82 Література. Літературознавство
_2UDC
999 _c348592
_d348592